| 000 | 00826cam a22002292 4500 | ||
|---|---|---|---|
| 001 | 0000012161 | ||
| 005 | 20151217152108.0 | ||
| 008 | 090211s xx 000 0 eng d | ||
| 040 |
_aKABU _cKABU |
||
| 110 | 2 |
_aUnited Nations Environment Programme Industry and Environment [UNEP IE] _@0000168389 |
|
| 245 | 1 | 0 |
_aPulp & paper industry effluent discharge standards / _cUNEP IE. |
| 250 | _a1st ed. | ||
| 260 |
_aParis : _bUNEP, _c1996. |
||
| 300 | _a102 p. | ||
| 650 | 0 |
_aWood-pulp industry _xEnvironmental aspects. _@0000168392 |
|
| 650 | 0 |
_aPaper industry _xEnvironmental aspects. _@0000168393 |
|
| 650 | 0 |
_aEnvironmental management. _@0000149753 |
|
| 852 | 1 | _9p400 KES | |
| 852 | 1 | _9p400 KES | |
| 908 | _a090211 | ||
| 950 | _@1 | ||
| 999 |
_c8198 _d8198 |
||